000 01442cam a22003614a 4500
001 13151540
003 OSt
005 20260313131113.0
008 030407s2003 ilu b 001 0 eng
010 _a 2003007907
020 _a1581344813
_qalk. paper
020 _a9781581344813
_q(alk. paper)
035 _a13151540
040 _aDLC
_cDLC
_dDLC
042 _apcc
050 0 0 _aBT131
_b.W275 2003
082 0 0 _a231
_221
100 1 _aWare, Bruce A.,
_d1953-
245 1 0 _aTheir God is too small :
_bopen theism and the undermining of confidence in God /
_cBruce A. Ware.
260 _aWheaton, Ill. :
_bCrossway Books,
_cc2003.
300 _a142 p. ;
_c22 cm.
336 _atext
_btxt
_2rdacontent
337 _aunmediated
_bn
_2rdamedia
338 _avolume
_bnc
_2rdacarrier
504 _aIncludes bibliographical references (p. 131-134) and indexes.
505 0 _aOpen theism and the Christian faith -- Open theism and God's foreknowledge -- Open theism and suffering -- Open theism and prayer -- Open theism and hope.
650 0 _aOpen theism.
856 4 1 _3Table of contents
_uhttp://www.loc.gov/catdir/toc/ecip042/2003007907.html
906 _a7
_bcbc
_corignew
_d1
_eecip
_f20
_gy-gencatlg
942 _2lcc
_cBK
999 _c21389
_d21388